Statistics for Films Written or Directed by Charlie Kaufman

Click here to take the quiz!

General Stats

  • This quiz has been taken 76 times
    (64 since last reset)
  • The average score is 6 of 8

Answer Stats

Film% Correct
Being John Malkovich
97%
Eternal Sunshine of the Spotless Mind
97%
Adaptation
91%
I'm Thinking of Ending Things
84%
Synecdoche, New York
78%
Anomalisa
72%
Human Nature
50%
Confessions of a Dangerous Mind
47%

Score Distribution

Percentile by Number Answered

Percent of People with Each Score

Your Score History

You have not taken this quiz since the last reset